Statistics for U.S. State Shapes Quiz #2

Click here to take the quiz!

General Stats

  • This quiz has been taken 54,954 times
    (54,918 since last reset)
  • The average score is 18 of 25

Answer Stats

Answer% Correct
California
97%
Alaska
95%
Michigan
94%
Idaho
93%
Louisiana
89%
New York
88%
Oklahoma
86%
Maine
77%
New Jersey
75%
Wisconsin
72%
Ohio
71%
New Hampshire
71%
Wyoming
70%
North Carolina
70%
West Virginia
69%
Nebraska
68%
Mississippi
67%
South Carolina
66%
Georgia
64%
South Dakota
64%
Iowa
61%
Oregon
60%
Kansas
57%
North Dakota
53%
Connecticut
47%

Score Distribution

Percentile by Number Answered

Percent of People with Each Score

Your Score History

You have not taken this quiz since the last reset